ARRUPE JESUIT UNIVERSITY

CORONAVIRUS -STOP THE SPREAD - CLEAN,DISINFECT,COVER

Mission for everyone (Record no. 126102)

MARC details
000 -LEADER
fixed length control field 00410nam a22001217a 4500
008 - FIXED-LENGTH DATA ELEMENTS--GENERAL INFORMATION
fixed length control field 170214b xxu||||| |||| 00| 0 eng d
050 ## - LIBRARY OF CONGRESS CALL NUMBER
Classification number BX3747.E8 M685 2013
100 ## - MAIN ENTRY--PERSONAL NAME
Personal name Mkenda, Festo
9 (RLIN) 28784
245 ## - TITLE STATEMENT
Title Mission for everyone
Remainder of title A story of the Jesuits in Eastern Africa (1555-2012)
Statement of responsibility, etc Festo Mkenda
260 ## - PUBLICATION, DISTRIBUTION, ETC. (IMPRINT)
Place of publication, distribution, etc Nairobi
Name of publisher, distributor, etc Paulines Publications Africa
Date of publication, distribution, etc 2013
300 ## - PHYSICAL DESCRIPTION
Extent 311p. ;
Dimensions 22cm.
942 ## - ADDED ENTRY ELEMENTS (KOHA)
Source of classification or shelving scheme Library of Congress Classification
Item type Monograph ( Printed materials)
Holdings
Withdrawn status Lost status Source of classification or shelving scheme Damaged status Not for loan Collection code Home library Current library Shelving location Date acquired Total Checkouts Full call number Barcode Date last seen Date last borrowed Price effective from Koha item type
    Library of Congress Classification     Main Collection ARRUPE LIBRARY ARRUPE LIBRARY Main Collection 14/02/2017 8 BX3747.E8 M685 2013 46500023862 14/05/2019 15/04/2019 14/02/2017 Monograph ( Printed materials)

 

Arrupe Library. PO Box MP320 Mt Pleasant, Harare, Zimbabwe
263 242 745411|librarian@aju.ac.zw